Normale Ansicht MARC-Ansicht ISBD

Die Rätselhafte aus Himmelpfort. (Titelsatznr. 274163)

[ MARC ]
MARC-Details
000 -Satzkennung
Kontrollfeld mit fester Länge 00875nam a22002057a 4500
008 - Feld mit fester Länge zur physischen Beschreibung - Allgemeine Angaben
Kontrollfeld mit fester Länge 201130b ||||| |||| 00| 0 eng d
040 ## - Katalogisierungsquelle
Katalogisierungssprache ger
Übertragungsstelle DE-2950
Beschreibungsfestlegungen rda
Original-Katalogisierungsstelle DE-2950
041 ## - Sprachcode
Sprachcode des Textes/der Tonspur oder des separaten Titels ger
100 ## - Person oder Familie als 1. geistiger Schöpfer
Personenname Kupke, Camillo.
245 ## - Titel
Haupttitel Die Rätselhafte aus Himmelpfort.
Titelzusatz ... die reiche Witwe Antoinette Flegenheim, eine gebürtige Brandenburgerin, war eine von 22 Deutschen an Bord der Titanic - und überlebte die Schiffskatastrophe /
Verantwortlichkeitsangabe Camillo Kupke
264 ## - Veröffentlichungsangabe, Vertriebsangabe, Herstellungsangabe
Erscheinungs-, Vertriebs-, Herstellungsdatum 2021
490 ## - Gesamttitelangabe
Haupttitel der Reihe/Unterreihe Brandenburger Blätter
Zählung 17./18. 07.2021
653 ## - Lokales Schlagwort
Nicht-normierter Term Flegenheim, Antoinette
653 ## - Lokales Schlagwort
Nicht-normierter Term Titanic-Überlebende
773 ## - Übergeordnete Einheit
Ort, Verlag und Erscheinungsjahr Frankfurt (Oder): Märkisches Verlags- und Druckhaus GmbH & Co KG
Verknüpfungsangaben 32. Jahrgang (2021) Nr. 164 vom 17./18.07.2021, Journal am Wochenende, S. 5: Foto
Titel Märkische Oderzeitung
942 ## - Zusätzliche Felder (Koha)
Koha-Medientyp Aufsätze
Exemplare
Ausgeschieden Verloren Beschädigt Nicht entleihbar Permanenter Standort Aktueller Standort Aufstellungsort Eingabedatum Anzahl Ausleihen Signatur Letzte Aktivität Preis gültig von Medientyp
        Stadtarchiv Frankfurt (Oder) | Archivbibliothek Stadtarchiv Frankfurt (Oder) | Archivbibliothek Magazin 23/07/2021   Z2 23/07/2021 23/07/2021 Aufsätze